[Event "Tournoi francophone 013"]
[Site "Skype"]
[Date "????.??.??"]
[Round "4.3"]
[White "Leyton Calderon, Jairo Oswaldo"]
[Black "Legueltel, Daniel"]
[Result "0-1"]
[WhiteElo "1526"]
[BlackElo "1753"]
[PlyCount "68"]

1. Nf3 Nf6 2. b3 d5 3. Bb2 e6 4. e3 Be7 5. c4 Nbd7 6. Be2 O-O 7. O-O c5 8. cxd5
exd5 9. d4 Ne4 10. Nc3 Nxc3 11. Bxc3 Nf6 12. Qc2 Bg4 13. h3 Bh5 14. Rac1 Rc8
15. Qb2 Ne4 16. Be1 cxd4 17. Rxc8 Qxc8 18. Nxd4 Bxe2 19. Qxe2 Bf6 20. Bb4 Re8
21. Rd1 Qd7 22. Qb5 Qxb5 23. Nxb5 a6 24. Nd4 Rd8 25. f3 Ng5 26. Kf2 Ne6 27. Nf5
g6 28. Nd6 d4 29. Ne4 dxe3+ 30. Ke2 Nf4+ 31. Kxe3 Rxd1 32. Nxf6+ Kg7 33. Ne8+
Kh6 34. Kxf4 Rd4+ 0-1

[Event "Tournoi francophone 013"]
[Site "Skype"]
[Date "????.??.??"]
[Round "4.4"]
[White "Elias, Roberto"]
[Black "Trivedi, Viral"]
[Result "1/2-1/2"]
[WhiteElo "1782"]
[BlackElo "1230"]
[PlyCount "88"]

1. c4 e6 2. Nf3 b6 3. e4 Bb7 4. Nc3 Nf6 5. d3 d6 6. Be2 Be7 7. O-O O-O 8. Qc2
Nbd7 9. d4 e5 10. Rd1 exd4 11. Nxd4 Nc5 12. f3 Re8 13. b4 Na6 14. a3 c5 15. b5
Nc7 16. Nf5 Ne6 17. Be3 g6 18. Nxe7+ Qxe7 19. Nd5 Nxd5 20. cxd5 Nc7 21. a4 Nxd5
22. Bf2 Nf4 23. Bc4 Rad8 24. Bg3 Qg5 25. Qf2 d5 26. Bh4 Nh3+ 27. Kf1 Nxf2 28.
Bxg5 Nxd1 29. Rxd1 Rd6 30. exd5 f6 31. Bf4 Rdd8 32. d6+ Kg7 33. h4 Bc8 34. Bd5
Be6 35. Bc6 Bd7 36. Kf2 Kf7 37. Bd5+ Be6 38. Bc6 Bd7 39. g4 a6 40. g5 axb5 41.
axb5 f5 42. Ra1 Ke6 43. Re1+ Kf7 44. Ra1 Ke6 1/2-1/2

[Event "Tournoi francophone 013"]
[Site "Skype"]
[Date "????.??.??"]
[Round "4.5"]
[White "Vincent, Andre"]
[Black "Deville, Olivier"]
[Result "0-1"]
[WhiteElo "1377"]
[BlackElo "1823"]
[PlyCount "72"]

1. d4 Nf6 2. Bf4 e6 3. e3 c5 4. c3 Nc6 5. Nf3 Nh5 6. Bg3 Nxg3 7. hxg3 d5 8. b3
Bd7 9. Nbd2 Rc8 10. Qc2 g6 11. Be2 Qe7 12. a3 Bg7 13. c4 cxd4 14. exd4 Nxd4 15.
Nxd4 Bxd4 16. Ra2 O-O 17. O-O Bg7 18. f4 dxc4 19. Nxc4 b5 20. Rb1 bxc4 21. bxc4
Bc6 22. Rb4 Rb8 23. Qb3 Qc7 24. a4 Rxb4 25. Qxb4 Qb6+ 26. Qxb6 axb6 27. a5 bxa5
28. Rxa5 Ra8 29. Rxa8+ Bxa8 30. Bf3 Bxf3 31. gxf3 Kf8 32. Kf2 Ke7 33. Ke3 Kd6
34. Ke4 Kc5 35. Kd3 f5 36. g4 Bf6 0-1

[Event "Tournoi francophone 013"]
[Site "Skype"]
[Date "????.??.??"]
[Round "4.7"]
[White "Amato, Ludovica"]
[Black "Lambert, Pierre"]
[Result "0-1"]
[WhiteElo "1346"]
[BlackElo "1647"]
[PlyCount "132"]

1. e4 c5 2. Nf3 d6 3. d4 cxd4 4. Nxd4 Nf6 5. Nc3 a6 6. Be2 e6 7. O-O Nc6 8. f4
Be7 9. Nb3 O-O 10. Be3 b5 11. a3 Bb7 12. Bf3 Qc7 13. Qd2 Rad8 14. Qf2 Rd7 15.
Rfd1 Rc8 16. Rd2 Bd8 17. Rad1 Ne7 18. Nc1 Ng6 19. N1e2 Be7 20. Ng3 Qb8 21. e5
Ne8 22. exd6 Rxd6 23. Bxb7 Qxb7 24. Rxd6 Bxd6 25. Nge4 Be7 26. Rd3 Nf6 27. Nd6
Bxd6 28. Rxd6 Ng4 29. Qd2 Nxe3 30. Qxe3 Nh4 31. Qe4 Qxe4 32. Nxe4 Kf8 33. c3
Nf5 34. Rxa6 Rc4 35. Nd6 Nxd6 36. Rxd6 Rxf4 37. Rb6 Rf5 38. Ra6 Rd5 39. Kf1 Rd2
40. Ra8+ Ke7 41. Rb8 Rxb2 42. c4 Ra2 43. Rxb5 Rxa3 44. Ke2 Ra2+ 45. Kf3 Rc2 46.
c5 Kf6 47. g3 g5 48. h4 h6 49. hxg5+ hxg5 50. Ke4 Rc3 51. Kd4 Rc1 52. Rb6 Kf5
53. c6 e5+ 54. Kd5 e4 55. Kd6 e3 56. c7 e2 57. Rc6 e1=Q 58. c8=Q+ Kf6 59. Rxc1
Qd2+ 60. Kc7 Qxc1+ 61. Kb7 Qxc8+ 62. Kxc8 Kf5 63. Kd7 Kg4 64. Ke7 Kxg3 65. Kxf7
Kf2 66. Ke6 g4 0-1

[Event "Tournoi francophone 013"]
[Site "Skype"]
[Date "????.??.??"]
[Round "4.8"]
[White "Hurtado De Mendoza, Ramon Miguel"]
[Black "Ambrosino, Theo"]
[Result "1-0"]
[WhiteElo "1549"]
[BlackElo "1339"]
[PlyCount "76"]

1. e4 d5 2. exd5 Qxd5 3. Nc3 Qa5 4. d4 Nf6 5. Bd2 Bf5 6. Bc4 c6 7. Nf3 e6 8.
Qe2 Nbd7 9. O-O-O Qc7 10. Ne5 Nxe5 11. dxe5 Nd7 12. f4 h5 13. h3 O-O-O 14. Ne4
Be7 15. Rhf1 Kb8 16. Rf3 g5 17. Bd3 gxf4 18. Nd6 Bxd3 19. Rxd3 Rh7 20. Bxf4 Nc5
21. R3d2 Ka8 22. Qc4 Nd7 23. Ne8 Qc8 24. Qe4 Rxe8 25. Qxh7 Nc5 26. Qxf7 Ne4 27.
Rd7 Bc5 28. Rc7 Qb8 29. Rdd7 Rf8 30. Qh7 Rxf4 31. c3 Qf8 32. Rf7 Be3+ 33. Kc2
Rf2+ 34. Kd3 Rxf7 35. Rxf7 Qd8+ 36. Kxe4 Bb6 37. Rd7 Qh4+ 38. Kd3 Qg3+ 1-0

[Event "Tournoi francophone 013"]
[Site "Skype"]
[Date "????.??.??"]
[Round "4.9"]
[White "Martin, Jean-Claude"]
[Black "Megelas, Florent"]
[Result "0-1"]
[WhiteElo "1315"]
[BlackElo "1539"]
[PlyCount "102"]

1. d4 d6 2. c4 e5 3. dxe5 dxe5 4. Qxd8+ Kxd8 5. Nc3 c6 6. e4 Be6 7. Be3 Kc7 8.
O-O-O Nd7 9. Nge2 Bc5 10. Bxc5 Nxc5 11. f3 Ne7 12. g4 Bxc4 13. b3 Ba6 14. Ng3
Rhd8 15. Bxa6 Nxa6 16. Rxd8 Rxd8 17. Rd1 Nb4 18. Rxd8 Kxd8 19. Kd2 Kd7 20. a3
Na6 21. Nh5 g6 22. Nf6+ Ke6 23. Nxh7 Nc5 24. b4 Nb3+ 25. Ke3 f5 26. Nf8+ Kf7
27. Nd7 Ke6 28. Nf8+ Kd6 29. f4 exf4+ 30. Kxf4 Nd4 31. e5+ Kc7 32. gxf5 gxf5
33. h4 Kd8 34. h5 Ke8 35. Ng6 Ne6+ 36. Kf3 Nxg6 37. hxg6 Kf8 38. Ne2 Kg7 39.
Nf4 Nxf4 40. Kxf4 Kxg6 41. e6 Kf6 42. e7 Kxe7 43. Kxf5 Kd6 44. Ke4 c5 45. Kd3
Kd5 46. bxc5 Kxc5 47. Kc3 b5 48. Kb3 a5 49. a4 b4 50. Kb2 Kc4 51. Kb1 Kb3 0-1

[Event "Tournoi francophone 013"]
[Site "Skype"]
[Date "????.??.??"]
[Round "4.10"]
[White "Moumtaz, Abderrahim"]
[Black "Gadow, Martin"]
[Result "1-0"]
[WhiteElo "1226"]
[BlackElo "1521"]
[PlyCount "31"]

1. d4 d5 2. c4 e6 3. Nf3 c5 4. Nc3 cxd4 5. Nxd4 Nf6 6. Bg5 Be7 7. cxd5 exd5 8.
e3 O-O 9. Bd3 h6 10. Bh4 a6 11. O-O Nbd7 12. Nf5 Ne5 13. Nxe7+ Qxe7 14. Nxd5
Qd6 15. Nxf6+ gxf6 16. Bh7+ 1-0

[Event "Tournoi francophone 013"]
[Site "Skype"]
[Date "????.??.??"]
[Round "4.11"]
[White "Violette, Didier"]
[Black "Le Brun, Yves"]
[Result "1/2-1/2"]
[WhiteElo "1520"]
[BlackElo "1338"]
[PlyCount "48"]

1. e4 c6 2. d4 d5 3. exd5 cxd5 4. c4 Nf6 5. Nc3 Bg4 6. Be2 Bxe2 7. Ngxe2 e6 8.
Bf4 a6 9. c5 Nc6 10. O-O Be7 11. a3 O-O 12. b4 Nd7 13. Bg3 b5 14. cxb6 Nxb6 15.
Na4 Bf6 16. Nc5 e5 17. dxe5 Bxe5 18. Rc1 Ra7 19. Nxa6 Bxg3 20. b5 Nb8 21. hxg3
Nxa6 22. bxa6 Rxa6 23. Qb3 Qd7 24. Nd4 Qa4 1/2-1/2

[Event "Tournoi francophone 013"]
[Site "Skype"]
[Date "????.??.??"]
[Round "4.13"]
[White "Ortiz, Vladimir"]
[Black "Bucherie, Volcy"]
[Result "1-0"]
[WhiteElo "1419"]
[BlackElo "1336"]
[PlyCount "97"]

1. e4 d5 2. exd5 Qxd5 3. Nc3 Qa5 4. d4 c6 5. Nf3 Nf6 6. Bd2 Bf5 7. Ne4 Qb6 8.
Nxf6+ exf6 9. Bc3 Bb4 10. Qd2 O-O 11. Bxb4 Re8+ 12. Kd1 c5 13. Bc3 cxd4 14.
Bxd4 Qc6 15. Bd3 Be4 16. Bxe4 Qxe4 17. Re1 Qc6 18. Rxe8+ Qxe8 19. Qe3 Nc6 20.
Qxe8+ Rxe8 21. Be3 Rd8+ 22. Kc1 b6 23. c3 Na5 24. Nd2 Kf8 25. Kc2 Ke7 26. b4
Nc6 27. Nf3 Ke6 28. Nd4+ Kd5 29. Nxc6 Kxc6 30. a4 a5 31. b5+ Kc7 32. Bf4+ Kb7
33. Re1 Rd7 34. Re8 g5 35. Be3 Kc7 36. g3 h6 37. Rh8 Rd5 38. Rxh6 Rd6 39. Bd4
f5 40. Rxd6 Kxd6 41. Bxb6 f4 42. Bxa5 fxg3 43. hxg3 f5 44. Bb4+ Kd5 45. a5 Kc4
46. b6 Kb5 47. b7 Ka4 48. b8=Q f4 49. Qe8# 1-0

[Event "Tournoi francophone 013"]
[Site "Skype"]
[Date "????.??.??"]
[Round "4.14"]
[White "Rivalta, Paolo"]
[Black "Couto, Januario"]
[Result "0-1"]
[WhiteElo "1101"]
[BlackElo "1387"]
[PlyCount "62"]

1. e4 d5 2. exd5 Qxd5 3. Nc3 Qd6 4. d4 Nf6 5. d5 Nbd7 6. Bc4 Nb6 7. Nb5 Qb4+ 8.
Bd2 Qxc4 9. a4 a6 10. b3 Qe4+ 11. Ne2 axb5 12. a5 Nbxd5 13. f3 Qg6 14. O-O Bh3
15. Rf2 e6 16. Ng3 Bf5 17. Qe2 Bc5 18. Qxb5+ Nd7 19. Qxb7 Bxf2+ 20. Kxf2 O-O
21. a6 Qf6 22. Re1 Rfb8 23. Qc6 Ne5 24. Qa4 Bxc2 25. a7 Rb7 26. Nh5 Qe7 27.
Rxe5 Qc5+ 28. Be3 Qc3 29. Nxg7 Qxe5 30. Qe8+ Rxe8 31. Nxe8 Qxe3+ 0-1

[Event "Tournoi francophone 013"]
[Site "Skype"]
[Date "????.??.??"]
[Round "4.15"]
[White "Bourdeau, Yvan"]
[Black "Tamditi, Ibrahim"]
[Result "1-0"]
[WhiteElo "1383"]
[BlackElo "1315"]
[PlyCount "63"]

1. d4 g6 2. Nf3 Bg7 3. c4 d5 4. Nc3 dxc4 5. e3 Be6 6. Ng5 Bd5 7. e4 Bc6 8. Bxc4
e6 9. Be3 Bh6 10. h4 Qd6 11. d5 Bd7 12. dxe6 Bxe6 13. Qxd6 cxd6 14. Bxe6 Bxg5
15. Bxf7+ Kxf7 16. hxg5 Ne7 17. Bd4 Re8 18. Rxh7+ Kg8 19. Rh8+ Kf7 20. Rxe8
Kxe8 21. Nb5 Kd7 22. Rd1 Kc6 23. Nc3 d5 24. exd5+ Nxd5 25. Nxd5 Kxd5 26. Bc3+
Ke6 27. Rd8 Kf5 28. Bf6 a6 29. Ke2 b6 30. Kf3 a5 31. Re8 b5 32. g4# 1-0

[Event "Tournoi francophone 013"]
[Site "Skype"]
[Date "????.??.??"]
[Round "4.16"]
[White "Rodriguez, Nathalie"]
[Black "Mantelli, Luca"]
[Result "0-1"]
[WhiteElo "1266"]
[BlackElo "1370"]
[PlyCount "58"]

1. d4 Nf6 2. Bf4 d5 3. Nc3 e6 4. e3 Bd6 5. Bg3 a6 6. Nf3 O-O 7. Be2 c5 8. Ne5
cxd4 9. Qxd4 Qc7 10. f4 Nc6 11. Nxc6 Qxc6 12. a3 Bc5 13. Qd3 b5 14. Bf3 Bb7 15.
Kf2 Qb6 16. Rae1 Rfb8 17. f5 Re8 18. fxe6 Rxe6 19. Bf4 d4 20. Ne4 Bxe4 21. Bxe4
Nxe4+ 22. Kf3 dxe3 23. Bxe3 Bxe3 24. Rxe3 Nf6 25. Rxe6 Qxe6 26. Rd1 h6 27. g3
Re8 28. Rd2 Qc6+ 29. Kf2 Ne4+ 0-1

[Event "Tournoi francophone 013"]
[Site "Skype"]
[Date "????.??.??"]
[Round "4.17"]
[White "Pouteau, Pascal"]
[Black "Gerbaux, Regis"]
[Result "0-1"]
[WhiteElo "1345"]
[BlackElo "1073"]
[PlyCount "45"]

1. e4 c6 2. d4 d5 3. Nc3 dxe4 4. Nxe4 Bf5 5. Ng3 e6 6. Nxf5 exf5 7. Nf3 Bd6 8.
Bd3 Nf6 9. Bxf5 Qa5+ 10. Qd2 Qxf5 11. O-O O-O 12. Re1 Re8 13. Rxe8+ Nxe8 14.
Ne5 Nd7 15. f4 c5 16. Nxd7 Qxd7 17. Kh1 Nf6 18. dxc5 Bxc5 19. Qxd7 Nxd7 20. Bd2
Re8 21. Rd1 Nf6 22. Bc3 Ne4 23. Be1 0-1

[Event "Tournoi francophone 013"]
[Site "Skype"]
[Date "????.??.??"]
[Round "4.18"]
[White "Briere, Jean"]
[Black "Guillaume, Mickael"]
[Result "1-0"]
[WhiteElo "1435"]
[BlackElo "1106"]
[PlyCount "63"]

1. e4 e5 2. Nf3 Nc6 3. Bc4 Bc5 4. d3 h6 5. Be3 Bxe3 6. fxe3 Nf6 7. O-O O-O 8.
Nc3 d6 9. h3 Be6 10. Nd5 Bxd5 11. exd5 Na5 12. Bb3 c6 13. dxc6 bxc6 14. e4 d5
15. Nxe5 dxe4 16. dxe4 Qb6+ 17. Kh1 Nxe4 18. Qe1 Qd4 19. Bxf7+ Kh7 20. Bg6+ Kg8
21. Qxe4 Rxf1+ 22. Rxf1 Qxe4 23. Bxe4 Re8 24. Nxc6 Rxe4 25. Nxa5 Re2 26. Rc1 a6
27. a4 g5 28. Kg1 Kf7 29. Kf1 Re5 30. b4 h5 31. c4 Ke7 32. Nc6+ 1-0

[Event "Tournoi francophone 013"]
[Site "Skype"]
[Date "????.??.??"]
[Round "4.19"]
[White "Gharbi, Said"]
[Black "Abate, Luigi"]
[Result "1-0"]
[WhiteElo "1456"]
[BlackElo "1189"]
[PlyCount "69"]

1. e4 e5 2. d4 Nc6 3. d5 Nce7 4. Bb5 a6 5. Ba4 b5 6. Bb3 Nf6 7. d6 cxd6 8. Qxd6
Nc6 9. Qd3 Nb4 10. Qc3 Bb7 11. a3 Nxe4 12. Bxf7+ Kxf7 13. Qb3+ Ke8 14. axb4 d5
15. Nf3 Bd6 16. O-O Rf8 17. Nc3 Nxc3 18. Qxc3 d4 19. Qd3 Bxb4 20. Nxe5 Qd5 21.
Nf3 Bc5 22. Re1+ Kd8 23. Re5 Qd6 24. Bf4 Kd7 25. Rf5 Qc6 26. Ne5+ Ke6 27. Nxc6
Rxf5 28. Nxd4+ Bxd4 29. Qxd4 Ke7 30. Re1+ Kf7 31. Qd7+ Kg8 32. Qxf5 Rf8 33.
Qe6+ Kh8 34. Bd6 Bc8 35. Qe8 1-0

[Event "Tournoi francophone 013"]
[Site "Skype"]
[Date "????.??.??"]
[Round "4.20"]
[White "De Coninck, Philippe"]
[Black "Farfallini, Michel"]
[Result "1-0"]
[WhiteElo "1173"]
[BlackElo "1446"]
[PlyCount "51"]

1. d4 d5 2. Bf4 e6 3. e3 c6 4. Nf3 Bb4+ 5. c3 Bd6 6. Bg3 Qc7 7. Ne5 Nf6 8. Nd2
Nbd7 9. f4 Qb6 10. Qc2 Ng4 11. Nxg4 c5 12. Bd3 f5 13. Ne5 O-O 14. Bh4 Nxe5 15.
fxe5 Bc7 16. Rf1 Bd7 17. O-O-O Rac8 18. Be7 Rfe8 19. Bxc5 Qa5 20. Ba3 Bd8 21.
g4 Bb5 22. Bxb5 Qxb5 23. gxf5 Ba5 24. Nb1 Rc6 25. f6 Rf8 26. Bxf8 1-0

[Event "Tournoi francophone 013"]
[Site "Skype"]
[Date "????.??.??"]
[Round "4.21"]
[White "Maccaferri, Massimo"]
[Black "Fouquereau, Andre"]
[Result "0-1"]
[WhiteElo "1074"]
[BlackElo "1433"]
[PlyCount "38"]

1. e4 e5 2. g4 h6 3. d3 Be7 4. Nc3 c6 5. Nf3 d6 6. h4 Bxg4 7. Be2 Nf6 8. Rg1
Qb6 9. Nh2 h5 10. Nxg4 hxg4 11. Bxg4 Nxg4 12. Qxg4 Nd7 13. Qxg7 Bf6 14. Qg4
O-O-O 15. Qe2 Bxh4 16. Qe3 Rhg8 17. Qxb6 Rxg1+ 18. Ke2 Nxb6 19. Nd1 d5 0-1

[Event "Tournoi francophone 013"]
[Site "Skype"]
[Date "????.??.??"]
[Round "4.22"]
[White "Dhenain, Sebastien"]
[Black "Duthoit, Bernard"]
[Result "0-1"]
[WhiteElo "1086"]
[BlackElo "1379"]
[PlyCount "68"]

1. e4 e6 2. Nf3 c5 3. c3 d5 4. Bb5+ Bd7 5. Bxd7+ Nxd7 6. exd5 exd5 7. O-O Be7
8. d4 Ngf6 9. Bg5 O-O 10. Ne5 Nxe5 11. dxe5 Ne4 12. Bxe7 Qxe7 13. Qxd5 Ng5 14.
Nd2 Rad8 15. Qb3 Rxd2 16. h4 Ne6 17. g3 b6 18. Rad1 Rxd1 19. Rxd1 Rd8 20. Re1
Nc7 21. f4 Rd3 22. f5 Rxg3+ 23. Kf1 Qxh4 24. e6 Qh1+ 25. Ke2 Qd5 26. Rd1 Qe5+
27. Kd2 fxe6 28. fxe6 Qxe6 29. Qa3 a5 30. Kc1 h5 31. Rd8+ Kh7 32. b3 Rg1+ 33.
Kc2 Qf5+ 34. Kb2 Qb1# 0-1

[Event "Tournoi francophone 013"]
[Site "Skype"]
[Date "????.??.??"]
[Round "4.23"]
[White "Montilla Bejarano, Carmen"]
[Black "Sauvaget, Joel"]
[Result "1/2-1/2"]
[WhiteElo "1073"]
[BlackElo "1290"]
[PlyCount "73"]

1. d4 d5 2. Nf3 c6 3. Bf4 Nf6 4. e3 e6 5. h3 Be7 6. Nbd2 Nbd7 7. Bd3 O-O 8. O-O
Re8 9. Ne5 Nf8 10. Qf3 N8d7 11. g4 Nxe5 12. Bxe5 Nd7 13. Bg3 Bg5 14. Qg2 Nf6
15. Nf3 Ne4 16. Nxg5 Qxg5 17. f4 Qe7 18. g5 c5 19. c3 cxd4 20. exd4 Nxg3 21.
Qxg3 g6 22. Rae1 Qf8 23. h4 Qg7 24. f5 Bd7 25. h5 exf5 26. Rxe8+ Rxe8 27. Qd6
Bc6 28. b4 a6 29. Qc5 Qf8 30. Qxf8+ Kxf8 31. hxg6 fxg6 32. Kf2 Bd7 33. Ra1 Re7
34. a4 f4 35. b5 axb5 36. axb5 f3 37. Kxf3 1/2-1/2

[Event "Tournoi francophone 013"]
[Site "Skype"]
[Date "????.??.??"]
[Round "4.24"]
[White "Vervoort, Jean-Louis"]
[Black "Ruiz Aguilera, Juan Jesus"]
[Result "0-1"]
[WhiteElo "1273"]
[BlackElo "1083"]
[PlyCount "96"]

1. d4 d5 2. Bf4 Bf5 3. Nf3 e6 4. e3 Nf6 5. Bd3 Ne4 6. Bxe4 Bxe4 7. Nbd2 Bb4 8.
c3 Bxf3 9. Qxf3 Bd6 10. Bg3 O-O 11. O-O-O Nc6 12. Qg4 f5 13. Qh3 e5 14. Rde1 f4
15. exf4 exf4 16. Bh4 Be7 17. Bxe7 Nxe7 18. Nf3 Nf5 19. g3 Qd6 20. g4 Qh6 21.
Qg2 Nh4 22. Nxh4 Qxh4 23. f3 Rae8 24. Rxe8 Rxe8 25. Qd2 Re3 26. Qd1 Qf2 27. Rf1
Qxh2 28. Rh1 Qe2 29. Qxe2 Rxe2 30. Rf1 g6 31. Rh1 Rf2 32. Rh3 Kg7 33. Kb1 h5
34. a3 hxg4 35. fxg4 Rg2 36. Rh4 f3 37. g5 Rxg5 38. Rf4 Rg3 39. Ka2 g5 40. Rf5
c6 41. b4 Kg6 42. Rf8 g4 43. Rg8+ Kf5 44. Rf8+ Ke4 45. Re8+ Kf4 46. Rf8+ Ke3
47. Re8+ Kd3 48. Re3+ Kxe3 0-1

[Event "Tournoi francophone 013"]
[Site "Skype"]
[Date "????.??.??"]
[Round "4.25"]
[White "Tolaro, Filippa"]
[Black "L'Herbon De Lussats, Jean"]
[Result "0-1"]
[WhiteElo "1065"]
[BlackElo "1272"]
[PlyCount "80"]

1. d4 Nf6 2. Nf3 g6 3. b3 Bg7 4. Bb2 d5 5. e3 Bg4 6. Be2 Nbd7 7. Nbd2 c5 8. c4
O-O 9. O-O Qc7 10. Ne5 Bf5 11. dxc5 Nxc5 12. Rc1 Rad8 13. Ndf3 dxc4 14. Nd4
Nfe4 15. Rxc4 Bxe5 16. g3 Bh3 17. Re1 Nxg3 18. fxg3 Bxg3 19. Bf1 Bxh2+ 20. Kf2
Qg3+ 21. Ke2 Bg4+ 22. Kd2 Bxd1 23. Kxd1 Nd3 24. Bxd3 Bg1 25. e4 Qxd3+ 26. Kc1
Be3+ 27. Rxe3 Qxe3+ 28. Kb1 Qd3+ 29. Nc2 Qd1+ 30. Bc1 Rd2 31. Kb2 Rh2 32. Bg5
f6 33. Bf4 Rh1 34. Ka3 Qd3 35. Rc7 Qxe4 36. Bd6 exd6 37. Nb4 a5 38. Rd7 Qxb4+
39. Kb2 Rh2+ 40. Ka1 Qe1# 0-1

[Event "Tournoi francophone 013"]
[Site "Skype"]
[Date "????.??.??"]
[Round "4.26"]
[White "Le Bouill, Pierre"]
[Black "Dib, Catherine"]
[Result "1-0"]
[WhiteElo "1252"]
[BlackElo "1070"]
[PlyCount "121"]

1. e4 c5 2. Nf3 Nc6 3. d4 cxd4 4. Nxd4 Nf6 5. Nc3 e6 6. a3 Be7 7. Bc4 a6 8. h3
Rb8 9. Nf3 h6 10. Bf4 d6 11. e5 Nh5 12. Qd2 O-O 13. exd6 Nxf4 14. Qxf4 Bxd6 15.
Qd2 b5 16. Bb3 Bb7 17. O-O Qc7 18. Ne4 Bf4 19. Qe2 Rbd8 20. Rad1 Ne5 21. Rxd8
Nxf3+ 22. Qxf3 Rxd8 23. g3 Be5 24. c3 Re8 25. Rd1 Kh8 26. Qe2 a5 27. f4 a4 28.
Bc2 Bf6 29. Qd3 Rd8 30. Qe3 Rxd1+ 31. Bxd1 Be7 32. Bc2 Bxe4 33. Qxe4 g6 34. g4
Bd6 35. Kg2 Bxf4 36. Kf3 e5 37. h4 Qd6 38. Ke2 Qf6 39. h5 Kg7 40. Bd3 Qg5 41.
Kf3 Qh4 42. hxg6 Qg3+ 43. Ke2 Qh2+ 44. Kf3 Qh3+ 45. Ke2 Qxg4+ 46. Qf3 Qxg6 47.
Bxg6 Kxg6 48. Qc6+ f6 49. Qxb5 h5 50. Kf2 Kg5 51. Qxa4 h4 52. Qc6 h3 53. Qh1
Kg4 54. b4 Bg3+ 55. Kf1 h2 56. Qe4+ Kh3 57. b5 Bf4 58. Qg2+ Kh4 59. b6 Bg3 60.
b7 f5 61. b8=Q 1-0

[Event "Tournoi francophone 013"]
[Site "Skype"]
[Date "????.??.??"]
[Round "4.27"]
[White "Rodriguez Tovar, Liliana"]
[Black "Douichi, Mohammed"]
[Result "0-1"]
[WhiteElo "1000"]
[BlackElo "1203"]
[PlyCount "44"]

1. e4 Nc6 2. Nf3 e5 3. c4 Bc5 4. Nc3 Nf6 5. d3 O-O 6. h3 h6 7. Be2 Qe8 8. O-O
d6 9. Nd5 Nxd5 10. cxd5 Nb8 11. d4 exd4 12. Bd3 Nd7 13. Re1 Nf6 14. Bf4 Nh5 15.
Bxh6 gxh6 16. Nh4 Nf6 17. Qf3 Qe5 18. Nf5 Kh7 19. Rad1 Rg8 20. Kf1 Bb4 21. Re2
Qh2 22. Nh4 Qh1# 0-1

[Event "Tournoi francophone 013"]
[Site "Skype"]
[Date "????.??.??"]
[Round "4.28"]
[White "Milanese, Serge"]
[Black "Trapletti, Cosetta"]
[Result "0-1"]
[WhiteElo "1202"]
[BlackElo "1026"]
[PlyCount "54"]

1. d4 d5 2. Bf4 Bf5 3. e3 e6 4. Nf3 c5 5. c3 Nf6 6. Bd3 Be7 7. O-O Bg4 8. h3
Bh5 9. Be2 Ne4 10. Ne5 g6 11. g4 g5 12. gxh5 gxf4 13. exf4 Nd7 14. Bb5 f6 15.
Nxd7 Qc7 16. Nb6+ Kf7 17. Nxa8 Rxa8 18. Nd2 Qxf4 19. Nxe4 dxe4 20. f3 Bd6 21.
Rf2 Rg8+ 22. Kf1 e3 23. Qc2 Qg3 24. Qxh7+ Rg7 25. Qc2 Qg1+ 26. Ke2 Qxf2+ 27.
Kd1 Rg1+ 0-1

[Event "Tournoi francophone 013"]
[Site "Skype"]
[Date "????.??.??"]
[Round "4.29"]
[White "Coude, Josue"]
[Black "Canova, Felix"]
[Result "1/2-1/2"]
[WhiteElo "1078"]
[BlackElo "1000"]
[PlyCount "144"]

1. e4 e5 2. Nf3 Nc6 3. Bc4 Nf6 4. d3 Be7 5. Nc3 d6 6. Be3 Be6 7. Bb5 a6 8. Ba4
b5 9. Bb3 Na5 10. Bxe6 fxe6 11. a3 O-O 12. b4 Nc6 13. O-O a5 14. bxa5 Nxa5 15.
Nxb5 c6 16. Nc3 d5 17. Nxe5 Bd6 18. Nf3 e5 19. d4 exd4 20. Nxd4 Be5 21. f4 Bxd4
22. Bxd4 Nxe4 23. Nxe4 dxe4 24. Bc3 Qxd1 25. Raxd1 Nc4 26. Bb4 Nb2 27. Rb1 Na4
28. Bxf8 Kxf8 29. Rb4 Nc3 30. Rfb1 Nxb1 31. Rxb1 e3 32. Re1 Rxa3 33. Rxe3 Rxe3
34. Kf2 Rc3 35. g4 Rxc2+ 36. Kg3 h6 37. h4 Rc3+ 38. Kf2 Rc4 39. Kg3 g5 40. h5
gxf4+ 41. Kf3 Kf7 42. Ke2 Re4+ 43. Kf3 Re5 44. Kxf4 Re6 45. g5 hxg5+ 46. Kxg5
Kg7 47. Kf5 Rd6 48. Kg5 Rd5+ 49. Kg4 Kh6 50. Kh4 Rd4+ 51. Kg3 Kxh5 52. Kh3 c5
53. Kg3 c4 54. Kf3 Rd3+ 55. Ke4 Rc3 56. Kd4 Rc2 57. Kc5 c3 58. Kc4 Rc1 59. Kd3
c2 60. Kd2 Ra1 61. Kxc2 Ra2+ 62. Kb3 Ra8 63. Kc3 Kg6 64. Kc4 Kf7 65. Kb5 Rb8+
66. Kc5 Ke7 67. Kd4 Rb7 68. Ke4 Rb6 69. Kd5 Rd6+ 70. Kc5 Kd7 71. Kc4 Rc6+ 72.
Kd4 Kd6 1/2-1/2

[Event "Tournoi francophone 013"]
[Site "Skype"]
[Date "????.??.??"]
[Round "4.30"]
[White "Hargez, Dany"]
[Black "Fernandez, Raquel"]
[Result "1-0"]
[WhiteElo "1296"]
[BlackElo "1043"]
[PlyCount "23"]

1. e4 e5 2. Nf3 Nc6 3. Bc4 Bc5 4. Bd5 Nge7 5. Bb3 d6 6. d4 exd4 7. Ng5 O-O 8.
Qh5 h6 9. Nxf7 Bb4+ 10. Bd2 Qe8 11. Nxd6+ Kh8 12. Nxe8 1-0

[Event "Tournoi francophone 013"]
[Site "Skype"]
[Date "????.??.??"]
[Round "4.31"]
[White "Porcabeuf, Jean-Marc"]
[Black "Ramirez, Luis Antonio"]
[Result "1/2-1/2"]
[WhiteElo "1229"]
[BlackElo "1075"]
[PlyCount "88"]

1. d4 e6 2. c4 d5 3. a3 Nc6 4. Bf4 Nf6 5. Nc3 g6 6. Nb5 Bd6 7. Bg3 a6 8. Nc3
O-O 9. Nf3 Ne4 10. Nxe4 dxe4 11. Nh4 Be7 12. e3 Bxh4 13. Be2 Bf6 14. d5 exd5
15. cxd5 Ne5 16. f3 exf3 17. gxf3 Re8 18. e4 Nd7 19. Qd2 Bxb2 20. Qxb2 Nf6 21.
Rc1 Re7 22. Be5 Rxe5 23. Qxe5 Nd7 24. Qf4 c6 25. d6 Qf6 26. Qg3 Qb2 27. Rd1
Qc3+ 28. Kf2 Nf6 29. Rc1 Qd4+ 30. Ke1 Be6 31. e5 Nd5 32. Rd1 Qc3+ 33. Kf2 Ne3
34. d7 Nxd1+ 35. Rxd1 Rd8 36. Qg5 Qc5+ 37. Kg2 Qf8 38. Qf6 Rxd7 39. Rxd7 Bxd7
40. h4 b5 41. h5 Qg7 42. Qd8+ Qf8 43. Qxd7 gxh5 44. e6 fxe6 1/2-1/2

[Event "Tournoi francophone 013"]
[Site "Skype"]
[Date "????.??.??"]
[Round "4.32"]
[White "Busto, Ricardo"]
[Black "Gagnon, Sindy"]
[Result "1-0"]
[WhiteElo "1210"]
[BlackElo "1043"]
[PlyCount "69"]

1. e4 e5 2. Bc4 Be7 3. Nf3 Nf6 4. Ng5 O-O 5. O-O c6 6. Nc3 d6 7. Bb3 Qd7 8. d3
Rd8 9. Nxf7 Rf8 10. Nxe5+ Kh8 11. Nxd7 Bxd7 12. Re1 Bg4 13. f3 Bh5 14. g4 Bg6
15. Be3 Rd8 16. a4 d5 17. exd5 cxd5 18. Bd4 Ne8 19. Nxd5 Bb4 20. Nxb4 Rxd4 21.
Nd5 Nd7 22. Ne7 Nf8 23. Nxg6+ Nxg6 24. c3 Rf4 25. Qe2 Nd6 26. Qe6 Raf8 27. Qxd6
Rc8 28. Qe6 Rff8 29. Qe2 Nf4 30. Qd2 Nh3+ 31. Kg2 Nf4+ 32. Kg1 Nh3+ 33. Kf1 Ng5
34. Qxg5 Rg8 35. Bxg8 1-0

[Event "Tournoi francophone 013"]
[Site "Skype"]
[Date "????.??.??"]
[Round "4.33"]
[White "Schnell, Nicolas"]
[Black "Hampton, Irene"]
[Result "1-0"]
[WhiteElo "1099"]
[BlackElo "1000"]
[PlyCount "27"]

1. e4 b6 2. Nf3 Bb7 3. e5 d6 4. e6 fxe6 5. Ng5 Nh6 6. Bc4 e5 7. Qh5+ g6 8. Bf7+
Kd7 9. Qh3+ Kc6 10. Qf3+ d5 11. c4 Kc5 12. Ne6+ Kd6 13. Nxd8 Ba6 14. Qxd5# 1-0

[Event "Tournoi francophone 013"]
[Site "Skype"]
[Date "????.??.??"]
[Round "5.1"]
[White "Legueltel, Daniel"]
[Black "Hilton, Stephen"]
[Result "1/2-1/2"]
[WhiteElo "1753"]
[BlackElo "1865"]
[PlyCount "28"]

1. d4 Nf6 2. Bf4 g6 3. c3 Bg7 4. Nd2 d5 5. Ngf3 O-O 6. e3 b6 7. Bd3 Bb7 8. O-O
Nbd7 9. Ne5 c5 10. Nxd7 Nxd7 11. Nf3 Re8 12. Ne5 f6 13. Nxd7 Qxd7 14. a4 e5
1/2-1/2

[Event "Tournoi francophone 013"]
[Site "Skype"]
[Date "????.??.??"]
[Round "5.2"]
[White "Meyer, Eric"]
[Black "Rapaire, Jean-Michel"]
[Result "0-1"]
[WhiteElo "1675"]
[BlackElo "1742"]
[PlyCount "51"]

1. d4 d5 2. Nf3 Bf5 3. e3 Nf6 4. c4 e6 5. Nc3 c6 6. Nh4 Bg6 7. Nxg6 hxg6 8. Qc2
Nbd7 9. b3 Bd6 10. g3 Kf8 11. Bg2 a6 12. O-O Ng4 13. h3 Nh6 14. e4 dxe4 15.
Nxe4 Be7 16. Bb2 Nf6 17. Rad1 Qa5 18. d5 exd5 19. Nxf6 Bxf6 20. Bxf6 gxf6 21.
cxd5 Kg7 22. dxc6 bxc6 23. Rd6 Rad8 24. Rxc6 Nf5 25. Qb2 Nd4 26. Rc5 0-1